Languages : Animals from Dutch to English - Statistics

General Stats
  • This quiz has been taken 207 times
  • The average score is 7 of 10
Answer Stats
Dutch And English % Correct
Hond Dog
100%
Beer Bear
96%
Koe Cow
94%
Paard Horse
87%
Leeuw Lion
83%
Eend Duck
69%
Geit Goat
69%
Mier Ant
48%
Kalkoen Turkey
48%
Cavia Guinea pig
41%
No matching quizzes found
Score Distribution
Percent of People with Each Score
Percentile by Number Answered
Your Score History
You have not taken this quiz